Obyvateľstvo a hospodárstva Turecka v kontexte jeho vstupu do Európskej únie
Vývoj počtu obyvateľov Turecka. Etnické, jazykové a náboženské skupiny v Turecku a ich priestorové rozmiestnenie. Demografická charakteristika obyvateľstva a prognózy jeho vývoja. Základné makroekonomické ukazovatele. Poľnohospodárstvo, priemysel a služby, doprava, zahraničný obchod.
Enregistré dans:
| Auteur principal: | |
|---|---|
| Format: | Chapitre de livre |
| Langue: | slovaque |
| Sujets: | |
| Tags: |
Pas de tags, Soyez le premier à ajouter un tag!
|
MARC
| LEADER | 00000naa$a2200000$$$4500 | ||
|---|---|---|---|
| 001 | 0068866 | ||
| 005 | 20231127084756.7 | ||
| 041 | 0 | |a slo | |
| 044 | |a SK | ||
| 245 | 1 | 0 | |a Obyvateľstvo a hospodárstva Turecka v kontexte jeho vstupu do Európskej únie |c Michaela Madajová |
| 520 | |a Vývoj počtu obyvateľov Turecka. Etnické, jazykové a náboženské skupiny v Turecku a ich priestorové rozmiestnenie. Demografická charakteristika obyvateľstva a prognózy jeho vývoja. Základné makroekonomické ukazovatele. Poľnohospodárstvo, priemysel a služby, doprava, zahraničný obchod. | ||
| 610 | 2 | 0 | |a Turecko |
| 610 | 2 | 0 | |a obyvateľstvo |
| 610 | 2 | 0 | |a demografia |
| 610 | 2 | 0 | |a etnografia |
| 610 | 2 | 0 | |a ukazovatele makroekonomické |
| 610 | 2 | 0 | |a poľnohospodárstvo |
| 610 | 2 | 0 | |a priemysel |
| 610 | 2 | 0 | |a služby |
| 610 | 2 | 0 | |a doprava |
| 610 | 2 | 0 | |a obchod zahraničný |
| 610 | 2 | 0 | |a partneri obchodní |
| 610 | 2 | 0 | |a komodity |
| 100 | 1 | |a Madajová, Michala | |